|
|
|
|
| LEADER |
02164nam a22003377i 4500 |
| 001 |
44610 |
| 003 |
BD-DhAAL |
| 005 |
20250819164230.0 |
| 008 |
250819t20152015bg 000 1 eng |
| 010 |
|
|
|a 2015362341
|
| 020 |
|
|
|a 9789849027270
|
| 025 |
|
|
|a B-E-2015362341; 11
|
| 035 |
|
|
|a 19042417
|
| 035 |
|
|
|a (MFDhaka) 2015362341
|
| 037 |
|
|
|b Library of Congress -- New Delhi Overseas Office
|
| 040 |
|
|
|a DLC
|b eng
|e rda
|c DLC
|d DLC
|d BD-DhAAL
|
| 042 |
|
|
|a lcode
|
| 050 |
0 |
0 |
|a MLCS 2015/01342 (P)
|
| 082 |
|
|
|a 823.095492
|2 23
|
| 100 |
1 |
|
|a Nadim, Nesar,
|e author.
|9 59114
|
| 245 |
1 |
0 |
|a Demons /
|c Nesar Nadim.
|
| 264 |
|
1 |
|a Dhaka :
|b Daily Star Books,
|c ©2015.
|
| 300 |
|
|
|a 167 pages ;
|c 20 cm
|
| 520 |
|
|
|a Novel.
"Bangladeshi-American Saad Haque, his wife, and their young son live in Uxbridge, a remote Texas town. Stress has made Saad lash out at his family in the past. When he remembers what he did - what he almost did - it turns his blood to ice. One day, a strange storm strikes, cutting off the town from the outside world. Dozens of people transform into nightmarish creatures with razor-sharp jaws and claws. In fifteen minutes, the population of Uxbridge is reduced from about twelve hundred to a hundred. Blood flows down the gutters. Corpses and body parts litter the streets. Saad, his family, and a group of survivors fight to stay alive. However, there is something much worse than the creatures lurking in the dark. To face it, Saad must face his own nightmares, his own... demons."--Back cover.
|
| 541 |
|
|
|a Donated by Farhana Zahir, Assistant Professor, BRAC Business School, BRAC University
|e 44610
|
| 650 |
|
|
|a Bangladeshi fiction (English).
|
| 650 |
|
|
|a Bangladeshi literature (English).
|
| 655 |
|
|
|a Horror fiction.
|9 56531
|
| 942 |
|
|
|2 ddc
|c BK
|
| 999 |
|
|
|c 47389
|d 47389
|
| 952 |
|
|
|0 0
|1 0
|2 ddc
|4 0
|6 823_095492000000000_NAD
|7 0
|9 78027
|a BRACUL
|b BRACUL
|c NEW
|d 2025-08-19
|e Donated by Farhana Zahir, Assistant Professor, BRAC Business School, BRAC University
|g 350.00
|l 4
|m 8
|o 823.095492 NAD
|p 3010044610
|r 2026-02-05
|s 2026-02-02
|t 1
|v 700.00
|w 2025-08-19
|y BK
|x Donated by Farhana Zahir, Assistant Professor, BRAC Business School, BRAC University
|